00512nam a22001457a 4500020002200000082001500022100002200037245007200059250001900131260005100150300000800201942000700209952013300216999001700349 a978-0-226-81638-8 a001.42 TUR aTurabian, Kate L. aA Manual for Writers: Of Research Papers, Theses, And Dissertations aEighth edition aChicagobThe University of Chicago Pressc2013 a448 cBK 001040708REFaHMIbHMIcREFd2017-11-02eAmazong1080.00l12m4o001.42 TUR C2p25366r2024-02-08s2024-02-05w2026-01-16yBK c20703d20703